Miami Football: Top 10 All-Time Leaders - Statistics

General Stats
  • This quiz has been taken 10 times
  • The average score is 14 of 60
Answer Stats
Category # Player Amount % Correct
Rushing Yards 1 Duke Johnson 3,519
75%
Interceptions 1 Ed Reed 21
75%
Tackles 6 Ray Lewis 388
75%
Interceptions 5 Sean Taylor 14
63%
Passing Yards 7 Vinny Testaverde 6,058
63%
Rushing Yards 3 Edgerrin James 2,960
50%
Rushing Yards 8 Javarris James 2,162
50%
Rushing Yards 10 Willis McGahee 2,067
50%
Rushing Yards 5 Clinton Portis 2,523
38%
Tackles 5 Darrin Smith 401
38%
Passing Yards 5 Gino Torretta 7,690
38%
Passing Yards 2 Ken Dorsey 9,565
38%
Receiving Yards 4 Michael Irvin 2,423
38%
Interceptions T8 Roland Smith 11
38%
Receiving Yards 1 Xavier Restrepo 2,844
38%
Interceptions 2 Bennie Blades 19
25%
Passing Yards 10 Bernie Kosar 5,971
25%
Sacks 2 Greg Mark 34.5
25%
Sacks 4 Jamaal Green 24.0
25%
Rushing Yards 4 James Jackson 2,953
25%
Interceptions T8 Kamren Kinchens 11
25%
Receiving Yards 10 Phillip Dorsett 2,132
25%
Receiving Yards 2 Santana Moss 2,546
25%
Passing Yards 6 Tyler Van Dyke 7,478
25%
Sacks T7 Bill Hawkins 22.0
13%
Sacks T7 Bob Nelson 22.0
13%
Passing Yards 1 Brad Kaaya 9,968
13%
Interceptions T8 Bryan Ferguson 11
13%
Passing Yards 8 Craig Erickson 6,056
13%
Tackles 1 Dan Morgan 532
13%
Sacks 1 Danny Stubbs 39.5
13%
Rushing Yards 7 Danyell Ferguson 2,214
13%
Tackles 10 Denzel Perryman 351
13%
Interceptions 4 Fred Marion 16
13%
Interceptions T6 Gene Coleman 13
13%
Tackles 2 George Mira Jr. 490
13%
Rushing Yards 6 Graig Cooper 2,383
13%
Passing Yards 3 Jacory Harris 8,826
13%
Sacks 10 Jerome Brown 21.0
13%
Interceptions 3 Jim Dooley 17
13%
Tackles 7 Jonathan Vilma 377
13%
Rushing Yards 9 Joseph Yearby 2,119
13%
Sacks T5 Kenard Lang 23.0
13%
Sacks 3 Kenny Holmes 30.0
13%
Sacks T5 Kevin Patrick 23.0
13%
Receiving Yards 5 Lamar Thomas 2,271
13%
Receiving Yards 7 Leonard Hankerson 2,160
13%
Tackles 4 Michael Barrow 423
13%
Receiving Yards 8 Mike Harley Jr. 2,158
13%
Rushing Yards 2 Ottis Anderson 3,331
13%
Receiving Yards 3 Reggie Wayne 2,510
13%
Tackles 8 Rod Carter 361
13%
Sacks T7 Rusty Medearis 22.0
13%
Passing Yards 9 Ryan Clement 6,004
13%
Tackles 3 Scott Nicolas 456
13%
Tackles 9 Shaq Quarterman 356
13%
Receiving Yards 6 Stacy Coley 2,218
13%
Passing Yards 4 Stephen Morris 7,896
13%
Receiving Yards 9 Travis Benjamin 2,146
13%
Interceptions T6 Whitey Rouviere 13
13%
No matching quizzes found
Score Distribution
Percent of People with Each Score
Percentile by Number Answered
Your Score History
You have not taken this quiz